| 000 | 00436nam a22001817a 4500 | ||
|---|---|---|---|
| 003 | Ost | ||
| 005 | 20230511182524.0 | ||
| 008 | 230511b |||||||| |||| 00| 0 eng d | ||
| 020 | _a989998059504 | ||
| 040 | _cBT-PhCST | ||
| 050 | _a24605-24609 | ||
| 082 |
_222 _a808.3 _bSON |
||
| 100 | _aSonam, Tshomo. | ||
| 245 | _aIn our next life / | ||
| 260 |
_aBhutan : _bBICMA. ; _cc2022 |
||
| 300 |
_a137 p. : _bill. : _c18 cm. |
||
| 942 |
_2ddc _cF |
||
| 999 |
_c9579 _d9579 |
||